| 000 | 00333nam a22001457a 4500 | ||
|---|---|---|---|
| 003 | SGT | ||
| 020 | _a978-0-07-463050-1 | ||
| 082 |
_a660 _bI18B |
||
| 100 | _aBADGER,WALTER L. | ||
| 245 | _aINTRODUCTION TO CHEMICAL ENGINEERING | ||
| 260 |
_aCHENNAI _bMC,GRAW HILL _c2018 |
||
| 300 | _a753 | ||
| 650 | _aPHARMACY | ||
| 942 |
_2ddc _cBK _03 |
||
| 999 |
_c20499 _d20499 |
||